Sports Quiz

Random Sports Quiz

Winners of the Bassmaster Classic Quiz Stats

 Plays Quiz not verified by Sporcle

Challenge
Share
Tweet
Embed
Score 0/40 Timer 05:00
0 Plays Today
year % Correct
2001Kevin VanDam
97.8%
2005Kevin VanDam
97.8%
2010Kevin VanDam
97.8%
1976Rick Clunn
91.3%
1977Rick Clunn
91.3%
1984Rick Clunn
91.3%
1990Rick Clunn
91.3%
2009Skeet Reese
89.1%
1995Mark Davis
84.8%
2003Michael Iaconelli
84.8%
2004Takahiro Omori
84.8%
2008Alton Jones
84.8%
1988Guido Hibdon
82.6%
1997Dion Hibdon
82.6%
2002Jay Yelas
82.6%
2007Boyd Duckett
82.6%
1998Denny Brauer
80.4%
2000Woo Daves
80.4%
2006Luke Clausen
80.4%
1979Hank Parker
78.3%
year % Correct
1989Hank Parker
78.3%
1982Paul Elias
73.9%
1987George Cochran
73.9%
1996George Cochran
73.9%
1999Davy Hite
73.9%
1974Tommy Martin
67.4%
1978Bobby Murray
65.2%
1983Larry Nixon
65.2%
1993David Fritts
65.2%
1994Bryan Kerchel
65.2%
1971Bobby Murray
63%
1973Rayo Breckenridge
60.9%
1985Jack Chancellor
54.3%
1991Ken Cook
54.3%
1986Charlie Reed
52.2%
1972Don Bulter
50%
1980Bo Dowden
45.7%
1981Stanley Mitchell
45.7%
1992Robert Hamilton Jr.
45.7%
1975Jack Hains
41.3%

You're not logged in!

Compare scores with friends on all Sporcle quizzes.
OR
Log In

You Might Also Like...

Show Comments

Extras

Created Jun 11, 2010ReportNominate
Tags:classic, winner

Top Quizzes Today


Score Distribution

Your Account Isn't Verified!

In order to create a playlist on Sporcle, you need to verify the email address you used during registration. Go to your Sporcle Settings to finish the process.

Report this User

Report this user for behavior that violates our Community Guidelines.

Details: